000 00805nam a2200265 a 4500
001 79666
003 BD-RjUL
005 20221106100401.0
008 220405r19631947enk b 000 1 eng d
035 _a(BD-RjUL)79666
040 _aMNX
_cMNX
_dEQO
_dBD-RjUL
_beng
041 _aeng
082 _223
_a823.912
_bCON 1963
092 _aD0400253872
100 1 _aConrad, Joseph,
_d1857-1924.
_92262
245 1 0 _aNostromo :
_ba tale of the seaboard /
_cby Joseph Conrad.
260 _aLondon :
_bDent,
_c1947 [reprinted 1955,1963]
300 _axxiii, 566 p. ;
_c19 cm.
490 1 _aCollected edition of the works of Joseph Conrad
500 _aFirst published 1904.
504 _aBibliography: p. xii-xiii.
650 _aEnglish fiction
_92263
650 _aPolitical fiction
_92264
942 _2ddc
_cBK
999 _c79666
_d79666